[Event "LSS ST-2008-0-00041"]
[White "Eberth, Zoltan"]
[Black "Pontikis, Asterios"]
[Site "LSS email"]
[Round "?"]
[Result "1/2-1/2"]
[Date "2008.12.20"]
[WhiteElo "2371"]
[BlackElo "2416"]
[PlyCount "27"]
[EventDate "2008.11.03"]
[EventType "tourn (corr)"]
[EventRounds "6"]
[EventCountry "GER"]
[SourceTitle "Corr 2013"]
[Source "ChessBase"]
[SourceDate "2012.11.12"]
[SourceVersion "1"]
[SourceVersionDate "2012.11.12"]
[SourceQuality "1"]
[WhiteTeam "US of America"]
[BlackTeam "US of America"]
[WhiteTeamCountry "USA"]
[BlackTeamCountry "USA"]

1. e4 c5 2. Nf3 d6 3. d4 cxd4 4. Nxd4 Nf6 5. Nc3 g6 6. Be3 Bg7 7. f3 Nc6 8. Qd2 0-0 9. g4 Nd7 10. h4 Nxd4 11. Bxd4 Bxd4 12. Qxd4 Qb6 13. Qxb6 Nxb6 14. Nd5 1/2-1/2

[Event "ST-2008-0-00027"]
[White "Pontikis, Asterios"]
[Black "Ralls, Nelson"]
[Site "LSS email"]
[Round "?"]
[Result "1-0"]
[Date "2008.02.27"]
[WhiteElo "2422"]
[BlackElo "2411"]
[PlyCount "83"]
[EventDate "2008.01.27"]
[EventType "tourn (corr)"]
[EventRounds "6"]
[EventCountry "GER"]
[SourceTitle "Corr 2024"]
[Source "ChessBase"]
[SourceDate "2023.10.19"]
[SourceVersion "1"]
[SourceVersionDate "2023.10.19"]
[SourceQuality "1"]

1. e4 e5 2. Nf3 Nc6 3. Bb5 Nf6 4. 0-0 Nxe4 5. d4 Nd6 6. Bxc6 dxc6 7. dxe5 Nf5 8. Qxd8+ Kxd8 9. Nc3 Ke8 10. h3 Be7 11. Rd1 Nh4 12. Nxh4 Bxh4 13. Ne2 f5 14. Be3 Kf7 15. b3 Be7 16. Nd4 a6 17. Rd3 Rd8 18. Re1 Be6 19. f4 g6 20. Nxe6 Rxd3 21. Ng5+ Bxg5 22. cxd3 Bh4 23. Bf2 Be7 24. Kf1 Ba3 25. g4 Ke6 26. Ke2 a5 27. d4 Bb4 28. Rb1 Rd8 29. Rd1 Ba3 30. Kd3 c5 31. Ke2 cxd4 32. Rxd4 Rxd4 33. Bxd4 Bc1 34. Kf3 g5 35. fxg5 Bxg5 36. Bc3 b6 37. Be1 c5 38. Bc3 Bc1 39. a4 Bh6 40. h4 fxg4+ 41. Kxg4 Bc1 42. h5 1-0

[Event "LSS ST-2007-0-00017"]
[White "Pontikis, Asterios"]
[Black "Ingersol, Harry"]
[Site "LSS email"]
[Round "?"]
[Result "1-0"]
[Date "2007.08.21"]
[WhiteElo "2400"]
[BlackElo "2392"]
[PlyCount "127"]
[EventDate "2007.07.28"]
[EventType "tourn (corr)"]
[EventRounds "6"]
[EventCountry "GER"]
[SourceTitle "Corr 2015"]
[Source "ChessBase"]
[SourceDate "2015.07.17"]
[SourceVersion "1"]
[SourceVersionDate "2015.07.17"]
[SourceQuality "1"]

1. e4 e5 2. Nf3 d6 3. d4 exd4 4. Nxd4 Nf6 5. Nc3 Be7 6. Bf4 0-0 7. Qd2 a6 8. 0-0-0 b5 9. f3 c5 10. Nf5 Bxf5 11. exf5 Nc6 12. g4 Nd4 13. g5 Nh5 14. f6 gxf6 15. Be3 fxg5 16. Bxd4 cxd4 17. Nd5 Bf6 18. Rg1 Re8 19. f4 h6 20. fxg5 hxg5 21. Nxf6+ Qxf6 22. Rxg5+ Ng7 23. Bd3 Re5 24. Rg4 Kf8 25. Rdg1 Ne8 26. Rf4 Qe6 27. b3 Ra7 28. Kb2 a5 29. Qf2 a4 30. Bf5 Qd5 31. Bg6 Rc7 32. Rf1 Ke7 33. Rxf7+ Kd8 34. Rf8 Rce7 35. Qd2 Qc5 36. Qa5+ Kd7 37. bxa4 Nc7 38. a3 bxa4 39. Qxa4+ Qb5+ 40. Qb4 Na6 41. Qxb5+ Rxb5+ 42. Kc1 Rg5 43. Bf5+ Kc6 44. h4 Rg3 45. h5 Nc5 46. h6 Rxa3 47. Rc8+ Kd5 48. Rb8 Nd7 49. Rb1 Ne5 50. Rh1 Re8 51. h7 Rf3 52. Rb5+ Kc4 53. Rxe5 dxe5 54. h8R Rxh8 55. Bd3+ Kd5 56. Rxh8 Rf4 57. Rh5 Ke6 58. Bc4+ Kf6 59. Rh6+ Kg5 60. Rh8 e4 61. Rg8+ Kh4 62. Kb2 Rg4 63. Rd8 d3 64. Bxd3 1-0

[Event "LSS ST-2007-0-00017"]
[White "Pontikis, Asterios"]
[Black "Dutra Neto, Alfredo Carlos S"]
[Site "LSS email"]
[Round "?"]
[Result "1-0"]
[Date "2007.08.15"]
[WhiteElo "2400"]
[BlackElo "2450"]
[PlyCount "143"]
[EventDate "2007.07.28"]
[EventType "tourn (corr)"]
[EventRounds "6"]
[EventCountry "GER"]
[SourceTitle "Corr 2015"]
[Source "ChessBase"]
[SourceDate "2015.07.17"]
[SourceVersion "1"]
[SourceVersionDate "2015.07.17"]
[SourceQuality "1"]

1. e4 c5 2. Nf3 d6 3. d4 cxd4 4. Nxd4 Nf6 5. Nc3 a6 6. Be3 e5 7. Nb3 Be7 8. Qd2 Ng4 9. Bc4 Nxe3 10. Qxe3 Nc6 11. 0-0 0-0 12. Nd5 Bg5 13. Qb6 Rb8 14. c3 Be6 15. Rad1 Qd7 16. Nd2 Bd8 17. Qe3 b5 18. Bb3 Na5 19. Bc2 Bxd5 20. exd5 f5 21. Bd3 Bb6 22. Qh3 Nb7 23. b4 Rbd8 24. Be2 e4 25. Nb3 Rc8 26. Nd4 Nd8 27. a4 Bxd4 28. Rxd4 Nf7 29. axb5 axb5 30. Ra1 Ra8 31. Rdd1 Ne5 32. Qe3 Qb7 33. Qd4 g6 34. Ra5 Rxa5 35. bxa5 Ra8 36. Ra1 Kg7 37. f3 exf3 38. gxf3 f4 39. Qxf4 Qxd5 40. Qe3 Ra6 41. Kf2 Kf7 42. Kg3 Kg7 43. h4 Kf7 44. Qe4 Qxe4 45. fxe4 Nc4 46. Kf4 Ke6 47. Bxc4+ bxc4 48. Ke3 Kd7 49. Kd4 h6 50. Kxc4 Kc6 51. Ra2 g5 52. h5 g4 53. Kd4 g3 54. Ke3 Kb5 55. Kf4 Kc4 56. Kxg3 Kd3 57. Ra4 Kxc3 58. Kg4 Kd3 59. Kf5 Kc3 60. Ke6 Kb3 61. Rd4 Rxa5 62. Rd5 Ra2 63. Kf7 Rh2 64. Kg6 Re2 65. Rxd6 Rxe4 66. Kxh6 Rg4 67. Kh7 Kc4 68. h6 Kc5 69. Rd8 Rg5 70. Kh8 Rg1 71. h7 Kc6 72. Rg8 1-0

[Event "IECG WC.2005.F.00001 email"]
[White "Bonatti, Walter Fabian"]
[Black "Pontikis, Asterios"]
[Site "IECG email"]
[Round "?"]
[Result "1-0"]
[Date "2006.06.05"]
[WhiteElo "2395"]
[BlackElo "2457"]
[PlyCount "59"]
[EventDate "2006.06.05"]
[EventType "tourn (corr)"]
[EventRounds "14"]
[SourceTitle "Corr 2008"]
[Source "ChessBase"]
[SourceDate "2008.06.24"]
[SourceVersion "1"]
[SourceVersionDate "2008.06.24"]
[SourceQuality "1"]

1. e4 c5 2. Nf3 d6 3. d4 cxd4 4. Nxd4 Nf6 5. Nc3 a6 6. Be3 e6 7. f3 b5 8. Qd2 Nbd7 9. g4 h6 10. 0-0-0 Bb7 11. h4 b4 12. Na4 Qa5 13. b3 Nc5 14. a3 Nxa4 15. axb4 Qc7 16. bxa4 d5 17. e5 Nd7 18. f4 Nb6 19. Rh3 Nxa4 20. Bf2 Be7 21. f5 Rc8 22. Be1 exf5 23. gxf5 Qxe5 24. Ra3 Nb6 25. Bg3 Qf6 26. Re1 0-0 27. Be5 Qxh4 28. f6 Bxf6 29. Nf3 Nc4 30. Bxc4 1-0

[Event "IECG WC.2005.F.00001 email"]
[White "Pontikis, Asterios"]
[Black "Jurkowitz, Romana"]
[Site "IECG email"]
[Round "?"]
[Result "0-1"]
[Date "2006.06.05"]
[WhiteElo "2457"]
[BlackElo "2595"]
[PlyCount "45"]
[EventDate "2006.06.05"]
[EventType "tourn (corr)"]
[EventRounds "14"]
[SourceTitle "Corr 2008"]
[Source "ChessBase"]
[SourceDate "2008.06.24"]
[SourceVersion "1"]
[SourceVersionDate "2008.06.24"]
[SourceQuality "1"]

1. e4 c5 2. Nf3 Nc6 3. d4 cxd4 4. Nxd4 Nf6 5. Nc3 e5 6. Ndb5 d6 7. Bg5 a6 8. Na3 b5 9. Bxf6 gxf6 10. Nd5 f5 11. Bd3 Be6 12. 0-0 Bg7 13. Qh5 f4 14. c4 bxc4 15. Bxc4 0-0 16. Rac1 Rb8 17. b3 Qd7 18. Rfd1 Kh8 19. h3 Nd4 20. Nc2 Nxc2 21. Rxc2 f5 22. exf5 Bxf5 23. Rcc1 0-1

[Event "IECG WC.2005.F.00001"]
[White "Pontikis, Asterios"]
[Black "Schrancz, Istvan"]
[Site "IECG email"]
[Round "?"]
[Result "0-1"]
[Date "2006.06.05"]
[WhiteElo "2457"]
[BlackElo "2452"]
[PlyCount "44"]
[EventDate "2006.06.05"]
[EventType "tourn (corr)"]
[EventRounds "6"]
[SourceTitle "Corr 2024"]
[Source "ChessBase"]
[SourceDate "2023.10.19"]
[SourceVersion "1"]
[SourceVersionDate "2023.10.19"]
[SourceQuality "1"]

1. e4 e5 2. Nf3 Nc6 3. Bb5 a6 4. Ba4 Nf6 5. 0-0 Be7 6. Re1 b5 7. Bb3 d6 8. c3 0-0 9. h3 Bb7 10. d4 Re8 11. Nbd2 Bf8 12. a4 h6 13. Bc2 exd4 14. cxd4 Nb4 15. Bb1 c5 16. d5 Nd7 17. Ra3 f5 18. Nh2 Qe7 19. Ndf1 Nf6 20. axb5 fxe4 21. Ng4 axb5 22. Nxf6+ Qxf6 0-1

[Event "IECG WC.2005.F.00001 email"]
[White "Pontikis, Asterios"]
[Black "Wilczek, Tadeusz"]
[Site "IECG email"]
[Round "?"]
[Result "0-1"]
[Date "2006.06.05"]
[WhiteElo "2457"]
[BlackElo "2678"]
[PlyCount "32"]
[EventDate "2006.06.05"]
[EventType "tourn (corr)"]
[EventRounds "14"]
[SourceTitle "Corr 2008"]
[Source "ChessBase"]
[SourceDate "2008.06.24"]
[SourceVersion "1"]
[SourceVersionDate "2008.06.24"]
[SourceQuality "1"]

1. e4 c5 2. Nf3 d6 3. d4 cxd4 4. Nxd4 Nf6 5. Nc3 a6 6. Be3 Ng4 7. Bg5 h6 8. Bc1 Nf6 9. Bc4 e6 10. Bb3 Nbd7 11. 0-0 Nc5 12. Qe2 Be7 13. Rd1 Qc7 14. f3 0-0 15. Qf2 e5 16. Nce2 exd4 0-1

[Event "IECG CP.2004.Q.00001 email"]
[White "Blom, Erik"]
[Black "Pontikis, Asterios"]
[Site "IECG email"]
[Round "?"]
[Result "0-1"]
[Date "2006.01.20"]
[WhiteElo "2398"]
[BlackElo "2465"]
[PlyCount "94"]
[EventDate "2006.01.20"]
[EventType "tourn (corr)"]
[EventRounds "6"]
[SourceTitle "Corr 2008"]
[Source "ChessBase"]
[SourceDate "2008.06.24"]
[SourceVersion "1"]
[SourceVersionDate "2008.06.24"]
[SourceQuality "1"]

1. e4 c5 2. Nf3 d6 3. d4 cxd4 4. Nxd4 Nf6 5. Nc3 a6 6. Bg5 e6 7. f4 Qb6 8. Qd2 Qxb2 9. Rb1 Qa3 10. Bxf6 gxf6 11. Be2 Bg7 12. 0-0 0-0 13. Rf3 Qa5 14. Rg3 Rd8 15. Qd1 Kh8 16. Kh1 Nc6 17. Nxc6 bxc6 18. Bc4 Ra7 19. Qg4 Rg8 20. Qh4 h6 21. Bb3 f5 22. Rd1 d5 23. Rh3 Kh7 24. exf5 exf5 25. Ne2 Re8 26. Nd4 Rae7 27. Nf3 Kg8 28. Ne5 Bxe5 29. fxe5 Rxe5 30. c3 Qc5 31. Rg1 R8e6 32. Qg3+ Kh7 33. Qf4 Qe7 34. Bc2 Rg6 35. Bd3 c5 36. Rf3 Kg7 37. Rb1 c4 38. Bf1 Re4 39. Qb8 Qc5 40. Rd1 Be6 41. Rd2 d4 42. cxd4 Rxd4 43. Qb2 Rgg4 44. Rdf2 Kh7 45. h3 Rge4 46. Qb8 Rd1 47. Kh2 Ree1 0-1

[Event "IECG CP.2004.Q.00001 email"]
[White "Pontikis, Asterios"]
[Black "Garez, Dirk"]
[Site "IECG email"]
[Round "?"]
[Result "1-0"]
[Date "2006.01.20"]
[WhiteElo "2465"]
[BlackElo "1386"]
[PlyCount "69"]
[EventDate "2006.01.20"]
[EventType "tourn (corr)"]
[EventRounds "6"]
[SourceTitle "Corr 2008"]
[Source "ChessBase"]
[SourceDate "2008.06.24"]
[SourceVersion "1"]
[SourceVersionDate "2008.06.24"]
[SourceQuality "1"]

1. e4 c5 2. Nf3 Nf6 3. Nc3 Nc6 4. d4 cxd4 5. Nxd4 e5 6. Ndb5 d6 7. Bg5 a6 8. Na3 b5 9. Bxf6 gxf6 10. Nd5 f5 11. Bd3 Be6 12. 0-0 Bg7 13. Qh5 Rc8 14. Rfd1 h6 15. Ne3 f4 16. Nf5 Bf8 17. c4 b4 18. Nc2 Qg5 19. Qf3 a5 20. Bf1 Bxf5 21. exf5 Qxf5 22. Bd3 Qe6 23. b3 Bg7 24. a3 a4 25. Be4 Ne7 26. Nxb4 axb3 27. Qxb3 Qxc4 28. Qa4+ Kf8 29. Bb7 e4 30. Rab1 Rd8 31. Rbc1 Qe6 32. Nd5 f3 33. Rc7 Ng6 34. g3 Rg8 35. Ne3 1-0

[Event "IECG CM.2005.0.00282"]
[White "Baklanov, Valentin Petrovich"]
[Black "Pontikis, Asterios"]
[Site "IECG email"]
[Round "?"]
[Result "1/2-1/2"]
[Date "2005.07.19"]
[WhiteElo "2341"]
[BlackElo "2378"]
[PlyCount "94"]
[EventDate "2005.07.19"]
[EventType "tourn (corr)"]
[EventRounds "6"]
[SourceTitle "Corr 2008"]
[Source "ChessBase"]
[SourceDate "2008.06.24"]
[SourceVersion "1"]
[SourceVersionDate "2008.06.24"]
[SourceQuality "1"]

1. e4 c5 2. Nf3 d6 3. d4 cxd4 4. Nxd4 Nf6 5. Nc3 a6 6. Bg5 e6 7. f4 Qb6 8. a3 Nc6 9. Nb3 Be7 10. Qd2 0-0 11. 0-0-0 Rd8 12. Bxf6 Bxf6 13. g4 Be7 14. h4 Qc7 15. h5 b5 16. g5 d5 17. exd5 b4 18. axb4 Nxb4 19. Bg2 exd5 20. h6 g6 21. Qd4 Bf8 22. Qe5 Qxe5 23. fxe5 Be7 24. Kb1 Rb8 25. Bxd5 Bxg5 26. Rhg1 Bf5 27. Be4 Bxe4 28. Nxe4 Bxh6 29. Nf6+ Kh8 30. Nd7 Rb7 31. Nf6 Rbb8 32. Nd7 Rb7 33. Nf6 Rxd1+ 34. Rxd1 Nc6 35. Rd6 Nxe5 36. Rd8+ Bf8 37. Nc5 Rb6 38. Rxf8+ Kg7 39. Nxh7 Rc6 40. b4 Kxh7 41. Nd7 Nxd7 42. Rxf7+ Kh6 43. Rxd7 g5 44. Kb2 g4 45. Kb3 g3 46. c4 Kh5 47. b5 Rg6 1/2-1/2

[Event "IECG CM.2005.0.00282"]
[White "Gordh, David"]
[Black "Pontikis, Asterios"]
[Site "IECG email"]
[Round "?"]
[Result "1/2-1/2"]
[Date "2005.07.19"]
[WhiteElo "2373"]
[BlackElo "2378"]
[PlyCount "94"]
[EventDate "2005.07.19"]
[EventType "tourn (corr)"]
[EventRounds "6"]
[SourceTitle "Corr 2008"]
[Source "ChessBase"]
[SourceDate "2008.06.24"]
[SourceVersion "1"]
[SourceVersionDate "2008.06.24"]
[SourceQuality "1"]

1. e4 c5 2. Nf3 d6 3. d4 cxd4 4. Nxd4 Nf6 5. Nc3 a6 6. Be3 e5 7. Nb3 Be6 8. f3 Be7 9. Qd2 Nbd7 10. g4 Qc7 11. 0-0-0 0-0 12. Kb1 Rfc8 13. g5 Nh5 14. Nd5 Bxd5 15. exd5 Nb6 16. Na5 Nf4 17. Bxf4 exf4 18. h4 Nxd5 19. Bh3 Ne3 20. Bxc8 Rxc8 21. Rc1 d5 22. Nb3 Qb6 23. Qd4 Qg6 24. Qd3 Qh5 25. Nd4 Re8 26. a3 Bc5 27. Rh3 Qg6 28. Qxg6 fxg6 29. Nb3 Be7 30. c3 Kf7 31. Rg1 h6 32. Rhh1 Rh8 33. Nc1 hxg5 34. hxg5 Rxh1 35. Rxh1 Bxg5 36. Nd3 Ke6 37. Nc5+ Kf5 38. Nxb7 Be7 39. b4 g5 40. Nc5 g4 41. fxg4+ Nxg4 42. Kc2 g5 43. Nxa6 Ne3+ 44. Kd3 g4 45. b5 g3 46. b6 Bd6 47. Nb4 Nc4 1/2-1/2

[Event "IECG CM.2005.0.00282"]
[White "Pontikis, Asterios"]
[Black "Goins, David A"]
[Site "IECG email"]
[Round "?"]
[Result "1-0"]
[Date "2005.07.19"]
[WhiteElo "2378"]
[BlackElo "2356"]
[PlyCount "69"]
[EventDate "2005.07.19"]
[EventType "tourn (corr)"]
[EventRounds "6"]
[SourceTitle "Corr 2008"]
[Source "ChessBase"]
[SourceDate "2008.06.24"]
[SourceVersion "1"]
[SourceVersionDate "2008.06.24"]
[SourceQuality "1"]

1. e4 c5 2. Nf3 d6 3. d4 cxd4 4. Nxd4 Nf6 5. Nc3 a6 6. f3 e5 7. Nb3 Be6 8. Be3 Be7 9. Qd2 0-0 10. 0-0-0 Nbd7 11. g4 Qc7 12. g5 Nh5 13. Kb1 b5 14. Nd5 Bxd5 15. exd5 Nb6 16. Na5 Nxd5 17. Qxd5 Qxa5 18. c4 Rab8 19. Bd3 Qa4 20. cxb5 axb5 21. h4 b4 22. Bc4 Qa8 23. Rhg1 Qxd5 24. Bxd5 g6 25. Rg4 Rfc8 26. Bd2 Rb5 27. Bc4 Rbb8 28. Bb3 Ng7 29. Rxb4 Rxb4 30. Bxb4 Nf5 31. Be1 Kf8 32. a4 Bd8 33. Bd5 Ne3 34. Rd3 Nxd5 35. Rxd5 1-0

[Event "IECG WC.2008.S.00008"]
[White "De Silva, Dinesh"]
[Black "Pontikis, Asterios"]
[Site "IECG email"]
[Round "?"]
[Result "1/2-1/2"]
[Date "2005.07.17"]
[WhiteElo "2383"]
[BlackElo "2378"]
[PlyCount "76"]
[EventDate "2005.07.17"]
[EventType "tourn (corr)"]
[EventRounds "6"]
[SourceTitle "Corr 2008"]
[Source "ChessBase"]
[SourceDate "2008.06.24"]
[SourceVersion "1"]
[SourceVersionDate "2008.06.24"]
[SourceQuality "1"]

1. e4 c5 2. Nf3 d6 3. d4 cxd4 4. Nxd4 Nf6 5. Nc3 a6 6. Be3 e6 7. f3 b5 8. g4 h6 9. Qd2 Nbd7 10. 0-0-0 Bb7 11. h4 b4 12. Na4 Qa5 13. b3 Nc5 14. a3 Nxa4 15. axb4 Qc7 16. bxa4 d5 17. e5 Nd7 18. f4 Nb6 19. f5 Nxa4 20. fxe6 Nc3 21. exf7+ Kxf7 22. Bd3 Bxb4 23. Rdf1+ Kg8 24. Qf2 Ba3+ 25. Kd2 Ne4+ 26. Bxe4 dxe4 27. g5 Bd5 28. e6 Rf8 29. Qg2 Rxf1 30. Rxf1 Bc5 31. Kd1 Qa5 32. Rg1 Bc4 33. Qxe4 Qa1+ 34. Bc1 Qxd4+ 35. Qxd4 Bxd4 36. Rg4 Bxe6 37. Rxd4 hxg5 38. Rd8+ Kh7 1/2-1/2

[Event "IECG WC.2008.S.00008"]
[White "Feldmann, Guido"]
[Black "Pontikis, Asterios"]
[Site "IECG email"]
[Round "?"]
[Result "0-1"]
[Date "2005.07.17"]
[WhiteElo "2212"]
[BlackElo "2378"]
[PlyCount "28"]
[EventDate "2005.07.17"]
[EventType "tourn (corr)"]
[EventRounds "6"]
[SourceTitle "Corr 2024"]
[Source "ChessBase"]
[SourceDate "2023.10.19"]
[SourceVersion "1"]
[SourceVersionDate "2023.10.19"]
[SourceQuality "1"]

1. d4 d5 2. c4 c6 3. Nf3 Nf6 4. Nc3 e6 5. Bg5 h6 6. Bh4 g5 7. Bg3 dxc4 8. e4 b5 9. Be2 Bb7 10. 0-0 a6 11. Ne5 Bg7 12. f4 0-0 13. fxg5 hxg5 14. Bh5 Nxh5 0-1

[Event "IECG WC.2008.S.00008"]
[White "Pontikis, Asterios"]
[Black "Ibar, Marcelo Rodolfo"]
[Site "IECG email"]
[Round "?"]
[Result "1/2-1/2"]
[Date "2005.07.17"]
[WhiteElo "2378"]
[BlackElo "2239"]
[PlyCount "93"]
[EventDate "2005.07.17"]
[EventType "tourn (corr)"]
[EventRounds "6"]
[SourceTitle "Corr 2008"]
[Source "ChessBase"]
[SourceDate "2008.06.24"]
[SourceVersion "1"]
[SourceVersionDate "2008.06.24"]
[SourceQuality "1"]

1. e4 e5 2. Nf3 Nc6 3. Bb5 a6 4. Ba4 Nf6 5. 0-0 Be7 6. Re1 b5 7. Bb3 0-0 8. h3 d6 9. c3 h6 10. d4 Re8 11. Nbd2 Bf8 12. Nf1 Bd7 13. Ng3 Na5 14. Bc2 c5 15. d5 g6 16. b3 Bg7 17. Be3 Nh7 18. Qd2 h5 19. Rab1 h4 20. Nf1 f5 21. Qe2 f4 22. Bd2 c4 23. N1h2 Ng5 24. b4 Nb7 25. a4 Nxf3+ 26. Nxf3 Bf6 27. Ra1 Qc7 28. Ra2 Reb8 29. Rea1 Qc8 30. Be1 Nd8 31. Ra3 Nf7 32. Bd1 Ng5 33. Nxg5 Bxg5 34. Qa2 Bd8 35. axb5 Bxb5 36. Ba4 a5 37. Bxb5 Rxb5 38. Kh2 Bb6 39. Qe2 Ra6 40. f3 g5 41. Ra4 Ra8 42. Bf2 Bd8 43. bxa5 Rbxa5 44. Rxa5 Rxa5 45. Qb2 Bc7 46. Rb1 Ra8 47. Qe2 1/2-1/2

[Event "IECG WC.2008.S.00008"]
[White "Pontikis, Asterios"]
[Black "Marcotulli, Giancarlo"]
[Site "IECG email"]
[Round "?"]
[Result "1-0"]
[Date "2005.07.17"]
[WhiteElo "2378"]
[BlackElo "2205"]
[PlyCount "69"]
[EventDate "2005.07.17"]
[EventType "tourn (corr)"]
[EventRounds "6"]
[SourceTitle "Corr 2008"]
[Source "ChessBase"]
[SourceDate "2008.06.24"]
[SourceVersion "1"]
[SourceVersionDate "2008.06.24"]
[SourceQuality "1"]

1. e4 e5 2. Nf3 Nc6 3. Bb5 a6 4. Ba4 Nf6 5. 0-0 Be7 6. Re1 b5 7. Bb3 d6 8. c3 0-0 9. h3 Na5 10. Bc2 c5 11. d4 Nd7 12. Nbd2 cxd4 13. cxd4 Nc6 14. Nb3 a5 15. Bd3 Rb8 16. Qe2 Ba6 17. Bd2 a4 18. d5 axb3 19. dxc6 Nc5 20. axb3 Qb6 21. Be3 Qxc6 22. Rec1 Qb7 23. Bxc5 dxc5 24. Nxe5 Rfd8 25. Ng4 Rd4 26. Rd1 Rbd8 27. Ne3 Bf8 28. e5 Qb6 29. Nf5 R4d7 30. Be4 Bc8 31. Ne3 Rxd1+ 32. Rxd1 Rxd1+ 33. Qxd1 Be6 34. Nd5 Qa5 35. g3 1-0

[Event "IECG CM.2005.0.00270 email"]
[White "Gordh, David"]
[Black "Pontikis, Asterios"]
[Site "IECG email"]
[Round "?"]
[Result "1-0"]
[Date "2005.03.16"]
[WhiteElo "2310"]
[BlackElo "2370"]
[PlyCount "30"]
[EventDate "2005.03.16"]
[EventType "tourn (corr)"]
[EventRounds "6"]
[SourceTitle "Corr 2008"]
[Source "ChessBase"]
[SourceDate "2008.06.24"]
[SourceVersion "1"]
[SourceVersionDate "2008.06.24"]
[SourceQuality "1"]

1. d4 Nf6 2. c4 e6 3. Nc3 Bb4 4. e3 b6 5. Bd3 Bb7 6. Nf3 Ne4 7. 0-0 f5 8. Qc2 Bxc3 9. bxc3 0-0 10. Nd2 Qh4 11. f3 Ng5 12. f4 Nf7 13. Ba3 d6 14. e4 fxe4 15. Bxe4 Nd7 1-0

[Event "IECG CM.2005.0.00270 email"]
[White "Pontikis, Asterios"]
[Black "Marusiak, Lech"]
[Site "IECG email"]
[Round "?"]
[Result "1/2-1/2"]
[Date "2005.03.16"]
[WhiteElo "2370"]
[BlackElo "2467"]
[PlyCount "51"]
[EventDate "2005.03.16"]
[EventType "tourn (corr)"]
[EventRounds "6"]
[SourceTitle "Corr 2008"]
[Source "ChessBase"]
[SourceDate "2008.06.24"]
[SourceVersion "1"]
[SourceVersionDate "2008.06.24"]
[SourceQuality "1"]

1. e4 e6 2. d4 d5 3. exd5 exd5 4. Nf3 Nf6 5. Bd3 Bd6 6. 0-0 0-0 7. Bg5 Bg4 8. Nbd2 Nbd7 9. c3 c6 10. Qc2 Qc7 11. Rfe1 Rae8 12. h3 Bh5 13. Rxe8 Rxe8 14. Re1 Rxe1+ 15. Nxe1 Bg6 16. Bxg6 hxg6 17. b3 Nh7 18. Be3 Qd8 19. Nd3 Qe7 20. Nf3 Qe4 21. Qd2 Qf5 22. Bf4 Bxf4 23. Nxf4 g5 24. Nd3 g4 25. hxg4 Qxg4 26. Qf4 1/2-1/2

[Event "IECG CM.2005.0.00270 email"]
[White "Pontikis, Asterios"]
[Black "Skeels, Jim"]
[Site "IECG email"]
[Round "?"]
[Result "1-0"]
[Date "2005.03.16"]
[WhiteElo "2370"]
[BlackElo "2308"]
[PlyCount "145"]
[EventDate "2005.03.16"]
[EventType "tourn (corr)"]
[EventRounds "6"]
[SourceTitle "Corr 2008"]
[Source "ChessBase"]
[SourceDate "2008.06.24"]
[SourceVersion "1"]
[SourceVersionDate "2008.06.24"]
[SourceQuality "1"]

1. e4 c5 2. Nf3 d6 3. d4 cxd4 4. Nxd4 Nf6 5. Nc3 a6 6. Be3 e5 7. Nb3 Be6 8. f3 Be7 9. Qd2 0-0 10. 0-0-0 Qc7 11. g4 Nbd7 12. Kb1 Rfc8 13. g5 Nh5 14. Nd5 Bxd5 15. exd5 g6 16. Bh3 Bf8 17. Na5 Bg7 18. Bg4 Nf4 19. h4 Re8 20. h5 Nb6 21. hxg6 hxg6 22. Bxb6 Qxb6 23. Rhe1 Reb8 24. Nc4 Qd8 25. Rh1 a5 26. Qf2 b5 27. Nd2 Qxg5 28. Bd7 Ra6 29. Qh2 Qe7 30. Bc6 a4 31. Rhe1 Qc7 32. c3 a3 33. b4 f5 34. Nb3 Kf7 35. Qd2 Ra7 36. Rh1 Qb6 37. Rc1 Re7 38. Rce1 g5 39. Qc2 Kf6 40. Nd2 Kg6 41. Nf1 Rf8 42. Ne3 Ref7 43. Rhg1 Bh6 44. Ng2 Nh5 45. Ne3 Nf4 46. Ng2 Nh5 47. Rh1 Bg7 48. Rh3 Rc8 49. Rh2 Rxc6 50. dxc6 Qxc6 51. Rg1 Ng3 52. Rh3 Ne2 53. Nh4+ Kf6 54. Qxf5+ Ke7 55. Ng6+ Ke8 56. Qe6+ Kd8 57. Qxf7 Qxc3 58. Qg8+ Kc7 59. Qb3 Qxb3+ 60. axb3 Nxg1 61. Rh7 Kc6 62. Rxg7 Nxf3 63. Ne7+ Kd7 64. Nd5+ Ke6 65. Nc7+ Kf6 66. Rd7 Nd4 67. Rxd6+ Kf5 68. Rb6 g4 69. Nxb5 g3 70. Nxd4+ exd4 71. Rc6 Ke4 72. Rc1 g2 73. b5 1-0

[Event "IECG CM.2005.0.00270 email"]
[White "Staroske, Uwe"]
[Black "Pontikis, Asterios"]
[Site "IECG email"]
[Round "?"]
[Result "1/2-1/2"]
[Date "2005.03.16"]
[WhiteElo "2455"]
[BlackElo "2370"]
[PlyCount "48"]
[EventDate "2005.03.16"]
[EventType "tourn (corr)"]
[EventRounds "6"]
[SourceTitle "Corr 2008"]
[Source "ChessBase"]
[SourceDate "2008.06.24"]
[SourceVersion "1"]
[SourceVersionDate "2008.06.24"]
[SourceQuality "1"]

1. d4 Nf6 2. Nf3 d5 3. e3 g6 4. Bd3 Bg7 5. 0-0 0-0 6. Nbd2 c5 7. c3 Nbd7 8. e4 dxe4 9. Nxe4 Nxe4 10. Bxe4 cxd4 11. Nxd4 e5 12. Nf3 Qc7 13. Qe2 Nb6 14. Be3 Be6 15. Rfd1 Bc4 16. Qc2 f5 17. Bxb6 Qxb6 18. Bd5+ Bxd5 19. Rxd5 Rad8 20. Rad1 Bf6 21. Rxd8 Rxd8 22. Rxd8+ Qxd8 23. Qb3+ Kf8 24. h3 Qe7 1/2-1/2

[Event "IECG WC.2005.T.00002 email"]
[White "Eckstein, Michael"]
[Black "Pontikis, Asterios"]
[Site "IECG email"]
[Round "?"]
[Result "1/2-1/2"]
[Date "2004.12.15"]
[WhiteElo "2391"]
[BlackElo "2364"]
[PlyCount "80"]
[EventDate "2004.12.15"]
[EventType "tourn (corr)"]
[EventRounds "10"]
[SourceTitle "Corr 2008"]
[Source "ChessBase"]
[SourceDate "2008.06.24"]
[SourceVersion "1"]
[SourceVersionDate "2008.06.24"]
[SourceQuality "1"]

1. d4 Nf6 2. c4 e6 3. Nc3 Bb4 4. Qc2 0-0 5. a3 Bxc3+ 6. Qxc3 b6 7. Bg5 Ba6 8. Qf3 Nc6 9. e3 Na5 10. Rc1 c5 11. d5 exd5 12. Bxf6 Qxf6 13. Qxf6 gxf6 14. cxd5 Bxf1 15. Kxf1 d6 16. Ne2 Rfe8 17. Nf4 b5 18. Ke2 Kf8 19. g4 Nc4 20. Rc2 Re5 21. h4 Nb6 22. Rd1 Rae8 23. Kf3 h6 24. Re2 f5 25. g5 hxg5 26. hxg5 Ke7 27. Ree1 Rg8 28. Rh1 a5 29. g6 fxg6 30. Rh7+ Kf6 31. Rb7 Nc4 32. b3 Nxa3 33. Rd7 c4 34. Rxd6+ Kf7 35. Rh1 Rg7 36. Rh8 Re8 37. Rd7+ Kf6 38. Rd6+ Kf7 39. Rd7+ Kf6 40. Rd6+ Kf7 1/2-1/2